Social aspects of sports in India (Record no. 20036)

MARC details
000 -LEADER
fixed length control field 00336nam a2200133Ia 4500
082 ## - DEWEY DECIMAL CLASSIFICATION NUMBER
Classification number TS.0136
100 ## - MAIN ENTRY--AUTHOR NAME
Personal name Sivia, G.S.
245 #0 - TITLE STATEMENT
Title Social aspects of sports in India
260 ## - PUBLICATION, DISTRIBUTION, ETC. (IMPRINT)
Year of publication 1988
Name of publisher Marathwada University
300 ## - PHYSICAL DESCRIPTION
Number of Pages 169p. + C D - 52
650 ## - SUBJECT ADDED ENTRY--TOPICAL TERM
Topical Term SPORTS - SOCIAL ASPECTS - INDIA
710 ## - ADDED ENTRY--CORPORATE NAME
Corporate name or jurisdiction name as entry element Kaldate, S.V.
942 ## - ADDED ENTRY ELEMENTS (KOHA)
Koha item type Thesis
Source of classification or shelving scheme Dewey Decimal Classification
Holdings
Withdrawn status Lost status Damaged status Not for loan Home library Current library Date acquired Bill Date Full call number Accession Number Price effective from Koha item type
        NASSDOC Library NASSDOC Library 08/10/2004 2004-10-22 TS.0136 29474 18/04/2019 Thesis